[Event "M.Chigorin Memorial 2017 "]
[Site "?????-?????????"]
[Date "2017.10.21"]
[Round "1"]
[Board "1"]
[White "Artemiev, Vladislav"]
[Black "Mkrtchyan, Sargis R."]
[Result "1-0"]
[WhiteElo "2696"]
[BlackElo "2145"]
[PlyCount "75"]
[EventDate "2017.10.21"]
[EventRounds "9"]
[EventCountry "RUS"]

1. Nf3 Nf6 2. c4 g6 3. b3 Bg7 4. Bb2 c5 5. g3 b6 6. Bg2 Bb7 7. O-O O-O 8. e3 e6
9. d4 d6 10. Nc3 a6 11. Qe2 Ne4 12. Rad1 Qc7 13. Nxe4 Bxe4 14. dxc5 Bxb2 15.
Qxb2 bxc5 16. Ng5 Bxg2 17. Kxg2 Qc6+ 18. f3 d5 19. cxd5 exd5 20. Qe5 h6 21. Nh3
Re8 22. Qxd5 Rxe3 23. Qd2 Re8 24. Nf2 h5 25. Ne4 Rxe4 26. fxe4 Qxe4+ 27. Kg1
Nc6 28. Qd5 Qxd5 29. Rxd5 Nb4 30. Rd7 Rf8 31. Rf2 Nc6 32. Rd5 Nb4 33. Rd6 Rc8
34. Rd7 Rf8 35. Rfd2 Nc6 36. R2d6 Rc8 37. Rd5 Re8 38. R7d6  1-0

[Event "M.Chigorin Memorial 2017 "]
[Site "?????-?????????"]
[Date "2017.10.21"]
[Round "1"]
[Board "2"]
[White "Ufimtsev, Egor"]
[Black "Sjugirov, Sanan"]
[Result "0-1"]
[WhiteElo "2143"]
[BlackElo "2650"]
[PlyCount "90"]
[EventDate "2017.10.21"]
[EventRounds "9"]
[EventCountry "RUS"]

1. Nf3 Nf6 2. c4 e6 3. g3 d5 4. Bg2 dxc4 5. Qa4+ Nbd7 6. Qxc4 a6 7. Qc2 Rb8 8.
O-O b6 9. Nd4 Ne5 10. Nc6 Nxc6 11. Bxc6+ Bd7 12. Bg2 c5 13. d3 Bd6 14. Nc3 h6
15. b3 O-O 16. Bb2 e5 17. Ne4 Nxe4 18. Bxe4 Be6 19. Bg2 f5 20. e3 Qd7 21. Rfe1
b5 22. Rad1 Qf7 23. f4 exf4 24. exf4 Rfd8 25. d4 cxd4 26. Bxd4 Bb4 27. Re5 Rd6
28. Bc5 Bxc5+ 29. Rxc5 Rbd8 30. Rxd6 Rxd6 31. Rc6 Rd8 32. Qe2 Qa7+ 33. Kh1 Bf7
34. Rc1 Qd4 35. Bf3 Re8 36. Qg2 Re3 37. Bc6 Rd3 38. h4 Rd2 39. Qf3 Rxa2 40. Rg1
Rf2 41. Qd1 Rd2 42. Qf3 Qb2 43. Re1 Rh2+ 44. Kg1 Rc2 45. Rd1 Rc3  0-1

[Event "M.Chigorin Memorial 2017 "]
[Site "?????-?????????"]
[Date "2017.10.21"]
[Round "1"]
[Board "3"]
[White "Volkov, Sergey"]
[Black "Golikov, Daniil"]
[Result "1-0"]
[WhiteElo "2638"]
[BlackElo "2138"]
[PlyCount "55"]
[EventDate "2017.10.21"]
[EventRounds "9"]
[EventCountry "RUS"]

1. d4 Nf6 2. c4 e6 3. Nf3 Bb4+ 4. Nbd2 O-O 5. a3 Be7 6. g3 b6 7. Bg2 Bb7 8. O-O
c5 9. b3 Nc6 10. Bb2 Qc7 11. e3 Rac8 12. Rc1 Rfd8 13. Qe2 d6 14. Rfd1 h6 15. h3
a6 16. Rc2 Kh8 17. Rdc1 Kg8 18. Ne1 Nb8 19. e4 cxd4 20. Bxd4 Nbd7 21. f4 e5 22.
Bf2 exf4 23. gxf4 Re8 24. b4 Bf8 25. Rc3 Nxe4 26. Nxe4 f5 27. c5 bxc5 28. Qa2+
 1-0

[Event "M.Chigorin Memorial 2017 "]
[Site "?????-?????????"]
[Date "2017.10.21"]
[Round "1"]
[Board "4"]
[White "Ivanov, Platon-Jaan"]
[Black "Sethuraman, S.P."]
[Result "0-1"]
[WhiteElo "2134"]
[BlackElo "2632"]
[PlyCount "124"]
[EventDate "2017.10.21"]
[EventRounds "9"]
[EventCountry "RUS"]

1. d4 Nf6 2. c4 e6 3. g3 d5 4. Nf3 Bb4+ 5. Bd2 Bd6 6. Nc3 c6 7. Bg5 h6 8. Bxf6
Qxf6 9. a3 Qg6 10. Bg2 O-O 11. e4 dxe4 12. Nh4 Qh7 13. Bxe4 f5 14. Bc2 Na6 15.
O-O Bd7 16. Re1 Rad8 17. b4 Bc8 18. Qh5 Rf6 19. Rad1 g5 20. Nf3 Qg7 21. c5 Be7
22. Ne5 Nc7 23. Qe2 h5 24. h3 h4 25. Qf3 hxg3 26. fxg3 Rff8 27. Kg2 Bf6 28. Na4
Nb5 29. Qe3 f4 30. Qe4 fxg3 31. Kxg3 Rxd4 32. Rxd4 Bxe5+ 33. Qxe5 Nxd4 34.
Qxg7+ Kxg7 35. Be4 Rd8 36. Nb2 Nf5+ 37. Kf3 Kf6 38. Nc4 Rd4 39. Rc1 e5 40. Bxf5
Bxf5 41. Nd6 Bxh3 42. Nxb7 Rd3+ 43. Kf2 Rxa3 44. Na5 Bd7 45. Rd1 Bg4 46. Re1
Rf3+ 47. Kg1 Rg3+ 48. Kf2 Rf3+ 49. Kg1 Bd7 50. Rd1 Ke7 51. Rd6 Rf6 52. Rd3 Rf4
53. Rd6 Rf6 54. Rd3 e4 55. Re3 Rf4 56. Nc4 Kf6 57. Ra3 Be6 58. Nd6 Ke5 59. Rxa7
e3 60. Ra3 Kd4 61. b5 e2 62. Ra1 Kxc5  0-1

[Event "M.Chigorin Memorial 2017 "]
[Site "?????-?????????"]
[Date "2017.10.21"]
[Round "1"]
[Board "5"]
[White "Alekseev, Evgeny"]
[Black "Kamnev, Alexander"]
[Result "1-0"]
[WhiteElo "2622"]
[BlackElo "2132"]
[PlyCount "55"]
[EventDate "2017.10.21"]
[EventRounds "9"]
[EventCountry "RUS"]

1. d4 d5 2. Bf4 Nf6 3. e3 e6 4. Nd2 c5 5. c3 Nc6 6. Ngf3 h6 7. Bd3 Bd6 8. Bg3
Bxg3 9. hxg3 Qd6 10. Qe2 Bd7 11. Rd1 O-O-O 12. e4 dxe4 13. Nxe4 Nxe4 14. Bxe4
cxd4 15. Nxd4 Qe5 16. O-O Kb8 17. Qf3 Nxd4 18. cxd4 Qf6 19. Bxb7 Qxf3 20. Bxf3
Bb5 21. Rfe1 Bc4 22. Re5 Rd6 23. b3 Ba6 24. d5 Rhd8 25. Rd4 Bb7 26. Rf4 f6 27.
Rxe6 Bxd5 28. Rxd6  1-0

[Event "M.Chigorin Memorial 2017 "]
[Site "?????-?????????"]
[Date "2017.10.21"]
[Round "1"]
[Board "6"]
[White "Krasovskiy, Sviatoslav"]
[Black "Kokarev, Dmitry"]
[Result "0-1"]
[WhiteElo "2128"]
[BlackElo "2622"]
[PlyCount "66"]
[EventDate "2017.10.21"]
[EventRounds "9"]
[EventCountry "RUS"]

1. c4 g6 2. Nc3 Bg7 3. g3 c5 4. Bg2 Nc6 5. Nf3 e6 6. O-O Nge7 7. d3 O-O 8. Be3
b6 9. d4 d6 10. dxc5 dxc5 11. Rc1 Bb7 12. Qa4 Nf5 13. Rfd1 Qc8 14. Bf4 Ncd4 15.
Nxd4 Nxd4 16. Be3 Bxg2 17. Kxg2 Qb7+ 18. f3 Rad8 19. Kf2 a6 20. Rd2 Nf5 21.
Rxd8 Rxd8 22. Rd1 Bd4 23. Bxd4 cxd4 24. Rd3 e5 25. Ne4 Ne3 26. g4 Nxg4+ 27.
fxg4 Qxe4 28. Qxa6 Qf4+ 29. Rf3 Qxh2+ 30. Ke1 e4 31. Rf1 d3 32. exd3 exd3 33.
Rf2 Qg1+  0-1

[Event "M.Chigorin Memorial 2017 "]
[Site "?????-?????????"]
[Date "2017.10.21"]
[Round "1"]
[Board "7"]
[White "Gordievsky, Dmitry"]
[Black "Eryshkanova, Anastasiya"]
[Result "1-0"]
[WhiteElo "2605"]
[BlackElo "2127"]
[PlyCount "75"]
[EventDate "2017.10.21"]
[EventRounds "9"]
[EventCountry "RUS"]

1. Nf3 e6 2. c4 c5 3. g3 Nf6 4. Bg2 Nc6 5. O-O Be7 6. d4 cxd4 7. Nxd4 O-O 8.
Nc3 Nxd4 9. Qxd4 d6 10. Rd1 a6 11. Be3 Qa5 12. Qd2 Qc7 13. Rac1 Bd7 14. Bf4 e5
15. Bg5 Be6 16. Bxf6 gxf6 17. Qh6 f5 18. Qh5 Kh8 19. Nd5 Qd8 20. Bh3 Bg5 21. e3
Rg8 22. Kh1 f4 23. exf4 exf4 24. Rc3 Rg6 25. Bxe6 fxe6 26. Nxf4 Bxf4 27. gxf4
Qf6 28. Rg3 Rag8 29. Rxd6 Qxf4 30. Rd7 Qe4+ 31. Kg1 Rxg3+ 32. hxg3 Rf8 33. Qd1
Qf5 34. Qe2 b5 35. cxb5 axb5 36. Rb7 e5 37. Rxb5 Re8 38. a4  1-0

[Event "M.Chigorin Memorial 2017 "]
[Site "?????-?????????"]
[Date "2017.10.21"]
[Round "1"]
[Board "8"]
[White "Sakorenko, Adriana"]
[Black "Predke, Alexandr"]
[Result "0-1"]
[WhiteElo "2127"]
[BlackElo "2601"]
[PlyCount "98"]
[EventDate "2017.10.21"]
[EventRounds "9"]
[EventCountry "RUS"]

1. e4 g6 2. d4 Bg7 3. Nf3 d6 4. Nc3 Nd7 5. Be3 a6 6. Qd2 b5 7. a3 Bb7 8. Bd3 e6
9. O-O c5 10. Rfe1 Ngf6 11. Bh6 Bxh6 12. Qxh6 cxd4 13. Nxd4 Qb6 14. Qe3 Ng4 15.
Qe2 Qxd4 16. Qxg4 h5 17. Qe2 h4 18. h3 Ke7 19. Qe3 Qxe3 20. Rxe3 g5 21. Ne2
Rac8 22. Nd4 Rc7 23. Rd1 Nb6 24. Kf1 f6 25. c3 Bc8 26. f3 Rd8 27. Re2 e5 28.
Nc2 d5 29. exd5 Nxd5 30. Red2 Nf4 31. Be2 Rxd2 32. Rxd2 Bb7 33. Ne3 Bc6 34. Bd1
Rd7 35. Rxd7+ Bxd7 36. Bc2 Kd6 37. Be4 Be6 38. Ke1 Bb3 39. Kd2 a5 40. Bd3 Kc5
41. Bf1 a4 42. Ng4 Nh5 43. Bd3 Be6 44. Nf2 f5 45. Nd1 Nf4 46. Ne3 Nxd3 47. Kxd3
f4 48. Nd1 Bf5+ 49. Kd2 e4  0-1

[Event "M.Chigorin Memorial 2017 "]
[Site "?????-?????????"]
[Date "2017.10.21"]
[Round "1"]
[Board "9"]
[White "Kobalia, Mikhail"]
[Black "Zaykov, Sergey"]
[Result "1-0"]
[WhiteElo "2596"]
[BlackElo "2125"]
[PlyCount "55"]
[EventDate "2017.10.21"]
[EventRounds "9"]
[EventCountry "RUS"]

1. e4 e5 2. Bc4 Nf6 3. d3 Nc6 4. Nf3 Be7 5. O-O d6 6. a4 Be6 7. Bxe6 fxe6 8. c3
Qd7 9. Qb3 Nd8 10. Re1 O-O 11. Nbd2 Kh8 12. Nf1 Nh5 13. d4 exd4 14. cxd4 c6 15.
a5 a6 16. N1d2 d5 17. Ne5 Qc7 18. Ndf3 Nf7 19. Nxf7+ Rxf7 20. Ne5 Rff8 21. Qh3
Bb4 22. Re2 g6 23. g4 dxe4 24. gxh5 c5 25. hxg6 cxd4 26. Rxe4 Rad8 27. Bg5 Be7
28. Qxh7#  1-0

[Event "M.Chigorin Memorial 2017 "]
[Site "?????-?????????"]
[Date "2017.10.21"]
[Round "1"]
[Board "10"]
[White "Paramzina, Anastasya"]
[Black "Sakaev, Konstantin"]
[Result "0-1"]
[WhiteElo "2123"]
[BlackElo "2594"]
[PlyCount "144"]
[EventDate "2017.10.21"]
[EventRounds "9"]
[EventCountry "RUS"]

1. e4 c5 2. Nf3 d6 3. d4 cxd4 4. Nxd4 Nf6 5. Nc3 a6 6. h3 e5 7. Nde2 h5 8. Bg5
Be6 9. Bxf6 Qxf6 10. Nd5 Qd8 11. Qd3 Nd7 12. Nec3 g6 13. O-O-O Rc8 14. Kb1 Bh6
15. h4 Nc5 16. Qe2 b5 17. g3 Rb8 18. a3 Kf8 19. f3 Qd7 20. Rg1 Bg7 21. Rd2 Qb7
22. Rh1 Bd7 23. Nd1 a5 24. c3 Bc6 25. Bg2 Bh6 26. f4 Re8 27. Re1 exf4 28. gxf4
b4 29. cxb4 axb4 30. axb4 Nb3 31. Rd3 Bxd5 32. Rxd5 Qxd5 33. exd5 Rxe2 34. Rxe2
Bxf4 35. Nc3 Kg7 36. Re7 Rb8 37. b5 Be5 38. Ne4 Kf8 39. Rd7 Ke8 40. Ra7 Rxb5
41. Ra6 Ke7 42. Ra7+ Kf8 43. Ng5 Nc5 44. Rxf7+ Kg8 45. Rf2 Nd3 46. Bf1 Rxb2+
47. Rxb2 Nxb2 48. Kc2 Na4 49. Bd3 Kg7 50. Ne6+ Kf7 51. Ng5+ Kf6 52. Ne4+ Kg7
53. Bb5 Nb6 54. Bc6 Nc8 55. Bd7 Ne7 56. Be6 Nf5 57. Bxf5 gxf5 58. Ng5 Bg3 59.
Nf3 Kf6 60. Kd3 Bf2 61. Ke2 Ba7 62. Kd3 Bc5 63. Ke2 f4 64. Ng5 Ke5 65. Ne6 Be3
66. Kf3 Kxd5 67. Ng7 Ke5 68. Nxh5 d5 69. Ng7 d4 70. Ke2 Ke4 71. Ne6 d3+ 72. Ke1
d2+  0-1

[Event "M.Chigorin Memorial 2017 "]
[Site "?????-?????????"]
[Date "2017.10.21"]
[Round "1"]
[Board "11"]
[White "Sengupta, Deep"]
[Black "Guliev, Gasan"]
[Result "0-1"]
[WhiteElo "2587"]
[BlackElo "2123"]
[PlyCount "96"]
[EventDate "2017.10.21"]
[EventRounds "9"]
[EventCountry "RUS"]

1. e4 e5 2. Nf3 Nc6 3. Bb5 Nf6 4. d3 Bc5 5. Bxc6 dxc6 6. Nbd2 O-O 7. Nc4 Nd7 8.
Be3 Bd6 9. O-O c5 10. a4 Re8 11. Nfd2 Nf8 12. f4 exf4 13. Bxf4 Bxf4 14. Rxf4
Ng6 15. Rf2 Be6 16. Qh5 Bxc4 17. Nxc4 Qd4 18. Re1 Rad8 19. Re3 b6 20. Rh3 h6
21. Rhf3 Re7 22. b3 a6 23. Ne3 Re5 24. Nf5 Qa1+ 25. Rf1 Qb2 26. Rg3 Re6 27. Qe2
Kh7 28. Kh1 Rg8 29. Ne3 Rf6 30. Rgf3 Rxf3 31. Qxf3 f6 32. Qf5 Qe5 33. Nd5 b5
34. axb5 axb5 35. Qd7 Ra8 36. c3 Nf4 37. Qxc7 Nxd3 38. Qb7 Nf2+ 39. Kg1 Ng4 40.
Nxf6+ Nxf6 41. Qxa8 Ng4 42. g3 Qxc3 43. e5 Qe3+ 44. Kh1 Qe2 45. Qg2 Qxg2+ 46.
Kxg2 Ne3+ 47. Kf2 Nxf1 48. Kxf1 Kg6  0-1

[Event "M.Chigorin Memorial 2017 "]
[Site "?????-?????????"]
[Date "2017.10.21"]
[Round "1"]
[Board "12"]
[White "Zemnitskiy, Alexander"]
[Black "Savchenko, Boris"]
[Result "0-1"]
[WhiteElo "2112"]
[BlackElo "2585"]
[PlyCount "132"]
[EventDate "2017.10.21"]
[EventRounds "9"]
[EventCountry "RUS"]

1. Nf3 Nf6 2. d4 g6 3. g3 c5 4. c4 cxd4 5. Nxd4 h5 6. Bg2 Nc6 7. Nc3 Bg7 8. e3
h4 9. b3 Qa5 10. Bb2 Kf8 11. Qd2 Nxd4 12. exd4 hxg3 13. fxg3 Qf5 14. Ne2 Ne4
15. Qe3 Qa5+ 16. Nc3 Nf6 17. h3 d5 18. cxd5 Rh5 19. g4 Nxd5 20. Bxd5 Rxd5 21.
O-O-O Rd6 22. Kb1 Bd7 23. Rhe1 Re8 24. d5 Kg8 25. a3 f5 26. b4 Qa6 27. gxf5
Bxf5+ 28. Ne4 Rf6 29. Qd3 Qxd3+ 30. Rxd3 Bxe4 31. Rxe4 Rf1+ 32. Ka2 Rf2 33. Rb3
Rd2 34. Kb1 Rxd5 35. Rg3 Rd6 36. h4 Bxb2 37. Kxb2 Kf7 38. Re5 Rh8 39. Rf3+ Rf6
40. Rfe3 e6 41. Rc5 Rf2+ 42. Kb3 Kf6 43. Rc7 Rxh4 44. Rxb7 e5 45. Rxa7 e4 46.
Ra8 Ke5 47. Kc3 Kf4 48. Re1 Rh3+ 49. Kc4 Rc2+ 50. Kb5 e3 51. a4 Rh5+ 52. Kb6
Re5 53. a5 Rb2 54. a6 Rxb4+ 55. Kc6 Ra4 56. a7 Ke4 57. Kb6 Re7 58. Rg1 e2 59.
Rg4+ Ke3 60. Rxa4 e1=Q 61. Ra3+ Ke4 62. Ra4+ Ke5 63. Ra5+ Ke6 64. Rc8 Qb4+ 65.
Rb5 Qd6+ 66. Rc6 Qxc6+  0-1

[Event "M.Chigorin Memorial 2017 "]
[Site "?????-?????????"]
[Date "2017.10.21"]
[Round "1"]
[Board "13"]
[White "Batchuluun, Tsegmed"]
[Black "Korchagina, Viktoria"]
[Result "1-0"]
[WhiteElo "2571"]
[BlackElo "2110"]
[PlyCount "55"]
[EventDate "2017.10.21"]
[EventRounds "9"]
[EventCountry "RUS"]

1. d4 Nf6 2. c4 g6 3. Nc3 Bg7 4. e4 d6 5. Nf3 O-O 6. Be2 e5 7. O-O Nc6 8. d5
Ne7 9. Ne1 Nd7 10. Be3 f5 11. f3 f4 12. Bf2 g5 13. Nd3 b6 14. b4 Rf7 15. c5 Nf6
16. a4 h5 17. cxd6 cxd6 18. a5 Rb8 19. axb6 axb6 20. b5 g4 21. Nb4 Bf8 22. Bh4
Qc7 23. Nc6 Nxc6 24. bxc6 b5 25. Kh1 b4 26. Nb5 Qe7 27. Ra7 Qe8 28. Qa4  1-0

[Event "M.Chigorin Memorial 2017 "]
[Site "?????-?????????"]
[Date "2017.10.21"]
[Round "1"]
[Board "14"]
[White "Manush, Shah"]
[Black "Boruchovsky, Avital"]
[Result "1/2-1/2"]
[WhiteElo "2109"]
[BlackElo "2565"]
[PlyCount "80"]
[EventDate "2017.10.21"]
[EventRounds "9"]
[EventCountry "RUS"]

1. d4 Nf6 2. Nf3 g6 3. Nc3 d5 4. Bf4 Bg7 5. e3 O-O 6. Be2 c5 7. dxc5 Nbd7 8.
Nxd5 Nxd5 9. Qxd5 Qa5+ 10. Qd2 Qxd2+ 11. Nxd2 Bxb2 12. Rb1 Bc3 13. c6 bxc6 14.
Rb3 Ba5 15. Ra3 Bb4 16. Rb3 Ba5 17. Ra3 Bb4 18. Rb3 a5 19. a3 Bd6 20. Bxd6 exd6
21. O-O Ba6 22. Bxa6 Rxa6 23. Rfb1 d5 24. c4 Nc5 25. Rb6 Rxb6 26. Rxb6 Rd8 27.
g3 d4 28. exd4 Ne6 29. Nf3 Nxd4 30. Nxd4 Rxd4 31. Rxc6 Rd3 32. Ra6 Rxa3 33. c5
a4 34. c6 Rc3 35. Rxa4 Rxc6 36. Kg2 h5 37. h4 Kg7 38. Ra5 Rb6 39. Re5 Ra6 40.
Rb5 Rc6  1/2-1/2

[Event "M.Chigorin Memorial 2017 "]
[Site "?????-?????????"]
[Date "2017.10.21"]
[Round "1"]
[Board "15"]
[White "Pridorozhni, Aleksei"]
[Black "Lingur, Zalina"]
[Result "1-0"]
[WhiteElo "2565"]
[BlackElo "2108"]
[PlyCount "45"]
[EventDate "2017.10.21"]
[EventRounds "9"]
[EventCountry "RUS"]

1. e4 c5 2. Nf3 d6 3. Nc3 Nf6 4. e5 dxe5 5. Nxe5 Qc7 6. d4 cxd4 7. Qxd4 a6 8.
Bf4 Nc6 9. Qa4 g5 10. Bg3 Nh5 11. Nxc6 Nxg3 12. Ne5+ b5 13. Bxb5+ axb5 14.
Qxb5+ Bd7 15. Nxd7 Bg7 16. Nb6+ Kf8 17. hxg3 Bxc3+ 18. bxc3 Qxc3+ 19. Ke2 Ra5
20. Nd7+ Ke8 21. Nf6+ Kf8 22. Qe8+ Kg7 23. Qxh8+  1-0

[Event "M.Chigorin Memorial 2017 "]
[Site "?????-?????????"]
[Date "2017.10.21"]
[Round "1"]
[Board "16"]
[White "Krestin, Denis"]
[Black "Alekseenko, Kirill"]
[Result "0-1"]
[WhiteElo "2107"]
[BlackElo "2563"]
[PlyCount "66"]
[EventDate "2017.10.21"]
[EventRounds "9"]
[EventCountry "RUS"]

1. e4 c5 2. Nf3 Nc6 3. d4 cxd4 4. Nxd4 Nf6 5. Nc3 d6 6. Be2 e5 7. Nb3 Be7 8.
Be3 O-O 9. Qd2 a5 10. a3 Be6 11. O-O a4 12. Nc1 Qa5 13. f3 Rfc8 14. b4 axb3 15.
Nxb3 Qd8 16. Nd5 Bxd5 17. exd5 Nb8 18. c4 Nfd7 19. Rfb1 h6 20. Qb4 Rc7 21. Qb5
Na6 22. a4 Bg5 23. Bf2 h5 24. a5 Qf6 25. Bb6 Nxb6 26. axb6 Rcc8 27. Na5 Nc5 28.
Nb3 Rxa1 29. Rxa1 e4 30. Rf1 Qb2 31. Nxc5 Be3+ 32. Kh1 Qxe2 33. Rb1 exf3  0-1

[Event "M.Chigorin Memorial 2017 "]
[Site "?????-?????????"]
[Date "2017.10.21"]
[Round "1"]
[Board "17"]
[White "Lintchevski, Daniil"]
[Black "Yeritsyan, Hayk"]
[Result "1/2-1/2"]
[WhiteElo "2560"]
[BlackElo "2105"]
[PlyCount "51"]
[EventDate "2017.10.21"]
[EventRounds "9"]
[EventCountry "RUS"]

1. e4 e5 2. Nf3 Nc6 3. d4 exd4 4. Nxd4 Nf6 5. Nxc6 bxc6 6. e5 Qe7 7. Qe2 Nd5 8.
h4 d6 9. c4 Nb6 10. exd6 cxd6 11. Be3 Be6 12. Nd2 Qf6 13. O-O-O d5 14. Bg5 Qd4
15. cxd5 Nxd5 16. Nb3 Qa4 17. Nd4 Qxa2 18. Nxe6 Qa1+ 19. Kc2 Qa4+ 20. Kc1 Qa1+
21. Kc2 Qa4+ 22. Kc1 Qa1+ 23. Kc2 Qa4+ 24. Kc1 Qa1+ 25. Kc2 Qa4+ 26. Kc1
 1/2-1/2

[Event "M.Chigorin Memorial 2017 "]
[Site "?????-?????????"]
[Date "2017.10.21"]
[Round "1"]
[Board "18"]
[White "Ivanov, Sergei V."]
[Black "Mirzoev, Azer"]
[Result "0-1"]
[WhiteElo "2103"]
[BlackElo "2555"]
[PlyCount "126"]
[EventDate "2017.10.21"]
[EventRounds "9"]
[EventCountry "RUS"]

1. e4 e5 2. Nf3 Nc6 3. d4 exd4 4. Nxd4 Nf6 5. Nxc6 bxc6 6. e5 Qe7 7. Qe2 Nd5 8.
c4 Nb6 9. b3 a5 10. Ba3 Qe6 11. Bxf8 Rxf8 12. Nc3 f6 13. exf6 Rxf6 14. Qxe6+
Rxe6+ 15. Kd2 d6 16. Bd3 h6 17. Rhe1 Kf7 18. Rac1 Rxe1 19. Rxe1 Be6 20. h4 Nd7
21. Be4 Ra6 22. f4 Nc5 23. Bf3 Rb6 24. Ne4 Nxe4+ 25. Bxe4 Kf6 26. Bf3 d5 27.
cxd5 cxd5 28. Rc1 c6 29. Rc5 a4 30. Kc3 axb3 31. axb3 Kf5 32. g3 Ra6 33. Be2
Rb6 34. Bf3 Bf7 35. Ra5 Rb7 36. b4 Be8 37. Ra1 Ke6 38. Ra8 Ke7 39. Be2 Bd7 40.
Ba6 d4+ 41. Kc4 Be6+ 42. Kxd4 Rxb4+ 43. Ke5 Bd7 44. Rg8 Kf7 45. Rd8 Be8 46. Bd3
Ke7 47. Rc8 Rb3 48. Kd4 Ra3 49. Rc7+ Kf6 50. g4 Ra4+ 51. Bc4 g6 52. g5+ hxg5
53. fxg5+ Kf5 54. Re7 Ra8 55. Kd3 Kg4 56. Rh7 Rd8+ 57. Ke3 Rd6 58. Be2+ Kg3 59.
Re7 Bd7 60. h5 gxh5 61. Bxh5 Kh4 62. Be2 Kxg5 63. Bd3 Kf6  0-1

[Event "M.Chigorin Memorial 2017 "]
[Site "?????-?????????"]
[Date "2017.10.21"]
[Round "1"]
[Board "19"]
[White "Vorobiov, Evgeny E."]
[Black "Tarasov, Ilya"]
[Result "1-0"]
[WhiteElo "2555"]
[BlackElo "2102"]
[PlyCount "89"]
[EventDate "2017.10.21"]
[EventRounds "9"]
[EventCountry "RUS"]

1. d4 d6 2. Nf3 Bg4 3. c4 Bxf3 4. exf3 g6 5. Nc3 Bg7 6. Be3 Nd7 7. h4 h5 8. Qb3
Qc8 9. O-O-O c6 10. Kb1 Nh6 11. Bd3 Nf8 12. d5 c5 13. Rhe1 Nh7 14. Bxh6 Bxh6
15. Re2 Nf6 16. Rde1 Bf8 17. Nb5 Qd7 18. Qc3 Kd8 19. Bc2 a6 20. Qa3 Ne8 21. Nc3
b6 22. Ne4 Bh6 23. Ng5 Bxg5 24. hxg5 Nc7 25. Qc3 Re8 26. Qg7 e6 27. Qf6+ Qe7
28. dxe6 Qxf6 29. gxf6 Rxe6 30. Rxe6 Nxe6 31. Bxg6 fxg6 32. Rxe6 Kd7 33. Re7+
Kc6 34. f7 Rf8 35. Kc2 b5 36. b3 h4 37. Kd3 bxc4+ 38. bxc4 d5 39. Re6+ Kd7 40.
Rxa6 d4 41. a4 g5 42. Ra7+ Kd6 43. a5 Kc6 44. Re7 Kd6 45. Rb7  1-0

[Event "M.Chigorin Memorial 2017 "]
[Site "?????-?????????"]
[Date "2017.10.21"]
[Round "1"]
[Board "20"]
[White "Mochalin, Faddey"]
[Black "Ismagambetov, Anuar"]
[Result "0-1"]
[WhiteElo "2096"]
[BlackElo "2553"]
[PlyCount "66"]
[EventDate "2017.10.21"]
[EventRounds "9"]
[EventCountry "RUS"]

1. e4 e5 2. Nf3 Nc6 3. Bc4 Bc5 4. O-O Nf6 5. d3 O-O 6. a4 a6 7. Re1 d6 8. c3
Ba7 9. Nbd2 Ne7 10. d4 Ng6 11. Bd3 Re8 12. Bc2 h6 13. h3 Nh7 14. Nc4 Be6 15.
Ne3 Qf6 16. Nh2 Qd8 17. Nhg4 exd4 18. cxd4 Nf6 19. Ra3 Bxg4 20. hxg4 Nxe4 21.
Nf5 d5 22. Rh3 Qd7 23. f3 Ng5 24. Rxe8+ Rxe8 25. Rxh6 gxh6 26. Nxh6+ Kf8 27.
Bxg5 Qe6 28. Qd3 Qe2 29. Qa3+ c5 30. Bxg6 fxg6 31. dxc5 Qe1+ 32. Kh2 Bb8+ 33.
f4 Re3  0-1

[Event "M.Chigorin Memorial 2017 "]
[Site "?????-?????????"]
[Date "2017.10.21"]
[Round "1"]
[Board "21"]
[White "Timofeev, Artyom"]
[Black "Pshmahov, Osman"]
[Result "1/2-1/2"]
[WhiteElo "2549"]
[BlackElo "2095"]
[PlyCount "80"]
[EventDate "2017.10.21"]
[EventRounds "9"]
[EventCountry "RUS"]

1. d4 Nf6 2. Bg5 d5 3. e3 e6 4. Nd2 h6 5. Bh4 Be7 6. Bd3 O-O 7. Ngf3 c5 8. dxc5
Nfd7 9. Bg3 Nc6 10. c3 Nxc5 11. Bb1 f5 12. O-O Bf6 13. Nd4 Qe7 14. b4 Nxd4 15.
exd4 Ne4 16. Nxe4 dxe4 17. f3 exf3 18. Qxf3 Rd8 19. Bd3 a5 20. Rae1 axb4 21.
Bxf5 bxc3 22. Bb1 Rxd4 23. Qh5 Rd2 24. Bf4 b6 25. Qg6 Bb7 26. Bxd2 cxd2 27. Rd1
Qc5+ 28. Kh1 Qg5 29. Qh7+ Kf7 30. Rf2 Rc8 31. Bc2 Rd8 32. Bd3 Ke7 33. Rfxd2 Qg4
34. Rb1 Be4 35. Qxe4 Qxe4 36. Bxe4 Rxd2 37. g3 Bd4 38. a4 Rb2 39. Rxb2 Bxb2 40.
Kg2 Kd6  1/2-1/2

[Event "M.Chigorin Memorial 2017 "]
[Site "?????-?????????"]
[Date "2017.10.21"]
[Round "1"]
[Board "22"]
[White "Khalaji, Hanieh"]
[Black "Paravyan, David"]
[Result "0-1"]
[WhiteElo "2093"]
[BlackElo "2548"]
[PlyCount "70"]
[EventDate "2017.10.21"]
[EventRounds "9"]
[EventCountry "RUS"]

1. e4 c5 2. Nc3 e6 3. Nge2 Nf6 4. g3 b5 5. Bg2 Bb7 6. d3 b4 7. Nb1 d5 8. e5
Nfd7 9. f4 Be7 10. O-O O-O 11. Nd2 a5 12. Nf3 Nc6 13. g4 a4 14. Ng3 Qb6 15. Be3
Rfc8 16. g5 Bf8 17. Nh5 Ne7 18. Bh3 d4 19. Bd2 b3 20. Rf2 c4 21. axb3 axb3 22.
Rxa8 bxc2 23. Qxc2 Bxa8 24. Qd1 Qxb2 25. dxc4 Rxc4 26. Bf1 Rc8 27. Be3 Qa3 28.
Qxd4 Nd5 29. Bd3 Nxe3 30. Qxe3 Bc5 31. Qe2 Bxf2+ 32. Kxf2 Rc3 33. Be4 Qc5+ 34.
Kg2 Re3 35. Qd2 Bxe4  0-1

[Event "M.Chigorin Memorial 2017 "]
[Site "?????-?????????"]
[Date "2017.10.21"]
[Round "1"]
[Board "23"]
[White "Levin, Evgeny A."]
[Black "Petrochenko, Maria"]
[Result "1-0"]
[WhiteElo "2545"]
[BlackElo "2093"]
[PlyCount "97"]
[EventDate "2017.10.21"]
[EventRounds "9"]
[EventCountry "RUS"]

1. d4 d5 2. c4 c6 3. Nc3 e5 4. cxd5 cxd5 5. dxe5 d4 6. Ne4 Qa5+ 7. Nd2 Nc6 8.
Ngf3 Bg4 9. g3 Bxf3 10. exf3 Qxe5+ 11. Qe2 Nge7 12. Qxe5 Nxe5 13. f4 N5c6 14.
a3 g6 15. Nf3 Bg7 16. Bd2 O-O 17. Bd3 Rfe8 18. O-O Nc8 19. f5 Nd6 20. fxg6 hxg6
21. Rfe1 Rxe1+ 22. Rxe1 Re8 23. Rc1 Rc8 24. Bf4 Rd8 25. h4 f5 26. Re1 Bf6 27.
Re6 Ne8 28. b4 Kf7 29. Bc4 Kg7 30. Re1 Nd6 31. Bd3 Nf7 32. Re6 Rc8 33. Re1 Ne7
34. Bd2 Nd5 35. h5 gxh5 36. Bxf5 Rd8 37. Kg2 Nd6 38. Bd3 Nc3 39. Bf4 Ndb5 40.
Ng5 Bxg5 41. Bxg5 Rd7 42. Rh1 Nd6 43. Rxh5 Nde4 44. Bf4 Nf6 45. Be5 Rf7 46.
Bxd4 Na4 47. Rg5+ Kf8 48. Bc4 Rc7 49. Bb3  1-0

[Event "M.Chigorin Memorial 2017 "]
[Site "?????-?????????"]
[Date "2017.10.21"]
[Round "1"]
[Board "24"]
[White "Babazada, Khazar"]
[Black "Sarana, Alexey"]
[Result "1/2-1/2"]
[WhiteElo "2090"]
[BlackElo "2543"]
[PlyCount "80"]
[EventDate "2017.10.21"]
[EventRounds "9"]
[EventCountry "RUS"]

1. Nf3 d5 2. g3 g6 3. Bg2 Bg7 4. O-O Nf6 5. c4 d4 6. b4 c5 7. Bb2 O-O 8. d3 Re8
9. bxc5 e5 10. Nbd2 Na6 11. Nb3 Qc7 12. Ba3 Bd7 13. Qd2 Rad8 14. Rab1 Bc6 15.
Bc1 h6 16. Bb2 Nh7 17. Bh1 Nf8 18. Na5 e4 19. Nxc6 bxc6 20. dxe4 Rxe4 21. Ne1
Ree8 22. Nd3 Ne6 23. Ba3 Bf8 24. Bb4 Rc8 25. Bg2 Qd8 26. Ba5 Qe7 27. Ne5 Qxc5
28. Nd7 Qe7 29. Rb7 Nac5 30. Bb4 Qd8 31. Ba5 Qe7 32. Bb4 Qd8 33. Ba5 Qe7 34.
Bb4 Qd8 35. Ba5 Qe7 36. Bb4 Qd8 37. Ba5 Qe7 38. Bb4 Qd8 39. Ba5 Qe7 40. Bb4 Qd8
 1/2-1/2